Manual de oleohidráulica

Enregistré dans:
Détails bibliographiques
Format: Livre
Langue:espagnol
Publié: Barcelona Blume 1967
Sujets:
Tags: Ajouter un tag
Pas de tags, Soyez le premier à ajouter un tag!

MARC

LEADER 00000nam a2200000 a 4500
001 UCP0891
003 CL-VaPUC
008 990319e19670000SP |||||||||||||||||spa|d
082 0 4 |a 621.252  |b MAN  |2 21 
245 1 0 |a Manual de oleohidráulica 
300 |a 780 p 
942 |c BK 
945 |d 19990319 00:00:00  |a lriquelm 
260 |a Barcelona  |b Blume  |c 1967 
650 7 |a BOMBAS  |2 CL-VaPUC  |9 259418 
650 7 |a OLEOHIDRAULICA  |2 CL-VaPUC  |9 426532 
650 0 |a Hidráulica   |9 260193 
650 0 |a Tuberías  |9 259420 
650 0 |a Válvulas   |9 271523 
583 |a last modification  |c 19990319 00:00:00  |k Rodrigo Vera 
999 |c 279626  |d 279624 
952 |0 0  |1 0  |4 0  |6 621_252000000000000_MAN_1967  |7 0  |8 A  |9 319238  |a BIBMEC  |b BIBMEC  |d 2019-11-20  |i 1328115  |o 621.252 MAN 1967  |p 1328115  |r 2024-01-19  |w 2019-11-20  |y BK  |k MEC